000 00656nam a2200253Ia 4500
003 OSt
005 20221007074726.0
006 a|||||r|||| 00| 0
007 ta
008 221006b |||||||| |||| 00| 0 eng d
024 _a33,529
037 _cTextual
040 _aFLL
_cFLL
_beng
041 _2eng
_aeng
082 _aZ2,805, P4
100 _aRatan Lal
_9526606
245 0 _aCode of criminal procedure
250 _a17th
260 _aNagpur
_bWadhwa and Company India
_c2004
300 _aclxii,1251p
_ccm.
700 _a Dhiraj Lal
942 _hZ2,805, P4
_cTEXL
_2CC
999 _c1153446
_d1153446